| 000 | 00740nam a2200289Ia 4500 | ||
|---|---|---|---|
| 001 | 872 | ||
| 008 | 191123s9999 xx 000 0 und d | ||
| 041 | _aspa | ||
| 044 | _auy | ||
| 245 | 0 | _aCesáreo Bernaldo de Quirós. | |
| 260 |
_aMontevideo : _bComisión Nacional de Bellas Artes, _c1959. |
||
| 300 |
_a20 p. _b6 láminas b/n |
||
| 500 | _aExposición de Pintura realizada en Montevideo en nov./dic. de 1959 | ||
| 650 | _aARGENTINA | ||
| 650 | _aEXPOSICIONES | ||
| 650 | _aPINTURAS | ||
| 650 | _aQUIROS, CESAREO BERNALDO DE | ||
| 902 | _aM | ||
| 903 | _am | ||
| 904 | _am | ||
| 907 | _aImpreso | ||
| 911 | _a6 láminas b/n | ||
| 912 | _a1959 | ||
| 942 | _cLIBRO | ||
| 999 |
_c667 _d667 |
||
| 550 | _a6 láminas b/n | ||